| 000 | 00557nam a22001937a 4500 | ||
|---|---|---|---|
| 005 | 20170823111835.0 | ||
| 010 | _aENG-119983 | ||
| 020 |
_a9788123429045 _c55.00 |
||
| 035 | _aEN-103515 | ||
| 037 | _bDBAD/PUB | ||
| 082 | _aS | ||
| 100 | _aDickens, Charles | ||
| 245 |
_aA tale of two cities / _cby Charles Dickens ; Retold by D. Thomas |
||
| 260 |
_aChennai _bNew Century Book House _c2016 |
||
| 270 |
_a41-B, SIDCO Industrial Estate, Ambattur _bChennai _e600098 |
||
| 300 |
_av,64p. _c21cm(pbk) |
||
| 700 | _aThomas, D. | ||
| 942 |
_2ddc _cEN _hS _mDIC |
||
| 999 |
_c143685 _d143685 |
||